000 00270nam a2200109Ia 4500
008 190911s9999||||xx |||||||||||||| ||und||
100 _aReilly,Douglas J.
245 0 _aWin32 Client Server Delelopers Guide
260 _a New York
_bCRC
_c1996
300 _a460
942 _cBK
999 _c6689
_d6689